| 000 | 00572nam a22001937a 4500 | ||
|---|---|---|---|
| 999 |
_c3574 _d3574 |
||
| 003 | AR-CdUCM | ||
| 008 | 190306b ||||| |||| 00| 0 esp d | ||
| 020 | _aISBN | ||
| 040 |
_aMUNICIPALIDAD PROVINCIAL DEL CUSCO _cBIBLIOTECA MUNICIPAL DEL CUSCO |
||
| 082 |
_a868.3 / _bC23 |
||
| 100 |
_aMolina, Tirso de _910815 |
||
| 245 |
_aDon Gil de las calzas verdes / _cTirso de Molina. |
||
| 260 |
_aBuenos Aires ; _bKapelusz, _c1973. |
||
| 300 |
_a171 paginas ; _c17 cm. |
||
| 650 |
_aTeatro espaƱo _911512 |
||
| 650 |
_aEdad de oro _9649 |
||
| 942 |
_2ddc _cLIBROS |
||
| 945 | _aacrt | ||